| 000 | 00384nam a2200169Ia 4500 | ||
|---|---|---|---|
| 100 | _aMeenakumari/R/ Subasri/R | ||
| 650 | _aElectromagnetics | ||
| 942 | _cBK | ||
| 366 | _f17.5 | ||
| 654 | _aelectromagnetics | ||
| 245 | _aElectromagnetic fields | ||
| 260 |
_bNew Age International Ltd. _aNew Delhi _c2007 |
||
| 082 | _bMEE | ||
| 300 | _a438 | ||
| 546 | _aENGLISH | ||
| 999 |
_c32949 _d32949 |
||